| 000 | 00671nam a2200217Ia 4500 | ||
|---|---|---|---|
| 003 | GCL | ||
| 005 | 20240530103756.0 | ||
| 008 | 140319s9999 xx 000 0 ara d | ||
| 040 |
_aGCL / _cGCL |
||
| 082 | 0 | 4 |
_a956.9 _bل ا |
| 100 | 1 | _aايان لوستك | |
| 245 | 1 | 0 |
_aالاصولية اليهودية فى اسرائيل من اجل الارض والرب / _cايان لوستك |
| 260 |
_a[S.N] : _bمؤسسة الدراسات الفلسطينية ، _c1991 |
||
| 300 | _a285 ص | ||
| 650 | 0 | 4 | _aتاريخ |
| 650 | 0 | 4 | _aاليهودية |
| 650 | 0 | 4 | _aاسرائيل |
| 650 | 0 | 4 | _aالوضع الدولى |
| 700 | 1 | _aحسنى زينة | |
| 942 |
_2ddc _cBK |
||
| 999 |
_c42395 _d42395 |
||